Die Ausgestaltung der Raumplanung in den 70er Jahren - : Eine regionale Perspektive

Bibliographische Detailangaben
Veröffentlicht in:Raumplanung nach 1945. - Frankfurt : Campus Verlag, 2015. - (2015), Seite 391-407
1. Verfasser: Schmitz, Gottfried (VerfasserIn)
Format: Aufsatz
Veröffentlicht: 2015
Zugriff auf das übergeordnete Werk:Raumplanung nach 1945
Umfang:17
LEADER 01000caa a22002652c 4500
001 840291663
003 DE-627
005 20250506072157.0
007 tu
008 151109s2015 xx ||||| 00| ||und c
035 |a (DE-627)840291663 
035 |a (DE-599)GBV840291663 
040 |a DE-627  |b ger  |c DE-627  |e rakwb 
100 1 |a Schmitz, Gottfried  |e verfasserin  |4 aut 
245 1 0 |a Die Ausgestaltung der Raumplanung in den 70er Jahren -  |b Eine regionale Perspektive 
264 1 |c 2015 
300 |a 17 
336 |a Text  |b txt  |2 rdacontent 
337 |a ohne Hilfsmittel zu benutzen  |b n  |2 rdamedia 
338 |a Band  |b nc  |2 rdacarrier 
773 0 8 |i In  |a Räumliche Planung und Forschung nach 1945 - zwischen Technokratie und Demokratie (Veranstaltung : 2014 : Bonn)  |t Raumplanung nach 1945  |d Frankfurt : Campus Verlag, 2015  |g (2015), Seite 391-407  |h 417 Seiten  |w (DE-627)805661069  |w (DE-576)421159421  |z 3593503069  |z 9783593503066  |7 nnam 
773 1 8 |g year:2015  |g pages:391-407  |g extent:17 
912 |a GBV_USEFLAG_U 
912 |a GBV_ILN_21 
912 |a ISIL_DE-46 
912 |a SYSFLAG_1 
912 |a GBV_KXP 
912 |a GBV_ILN_11 
912 |a GBV_ILN_22 
912 |a GBV_ILN_24 
912 |a GBV_ILN_40 
912 |a GBV_ILN_62 
912 |a GBV_ILN_63 
912 |a GBV_ILN_65 
912 |a GBV_ILN_69 
912 |a GBV_ILN_70 
912 |a GBV_ILN_91 
912 |a GBV_ILN_104 
912 |a GBV_ILN_110 
912 |a GBV_ILN_121 
912 |a GBV_ILN_130 
912 |a GBV_ILN_151 
912 |a GBV_ILN_164 
912 |a GBV_ILN_184 
912 |a GBV_ILN_186 
912 |a GBV_ILN_252 
912 |a GBV_ILN_350 
912 |a GBV_ILN_370 
912 |a GBV_ILN_697 
912 |a GBV_ILN_708 
912 |a GBV_ILN_723 
912 |a GBV_ILN_737 
912 |a GBV_ILN_1017 
912 |a GBV_ILN_2003 
912 |a GBV_ILN_2005 
912 |a GBV_ILN_2006 
912 |a GBV_ILN_2008 
912 |a GBV_ILN_2010 
912 |a GBV_ILN_2011 
912 |a GBV_ILN_2016 
912 |a GBV_ILN_2018 
912 |a GBV_ILN_2023 
912 |a GBV_ILN_2037 
912 |a GBV_ILN_2057 
912 |a GBV_ILN_2315 
912 |a GBV_ILN_63 
912 |a ISIL_DE-Wim2 
912 |a GBV_ILN_164 
912 |a ISIL_DE-916 
912 |a GBV_ILN_350 
912 |a ISIL_DE-2795 
912 |a GBV_ILN_350_ 
912 |a GBV_ILN_708 
912 |a ISIL_DE-Hv129 
912 |a GBV_ILN_1017 
912 |a ISIL_DE-2410 
951 |a AR 
952 |j 2015  |h 391-407  |g 17 
980 |2 21  |1 01  |x 0046  |b 159407593X  |y xza  |z 11-01-16 
980 |2 63  |1 01  |x 3401  |b 161107570X  |y x  |z 19-04-16 
980 |2 164  |1 04  |x 0916  |b 1593405472  |y xs  |z 07-01-16 
980 |2 350  |1 01  |x 8293  |b 1635143454  |c 00  |f MAG3  |d Nd 6022  |e i  |j --%%--  |y z  |z 06-09-16 
980 |2 708  |1 01  |x 4708/0001  |b 1581904886  |c 00  |f --%%--  |d ARLET048:14  |e i  |j --%%--  |y n  |z 09-11-15 
980 |2 1017  |1 01  |x 4017  |b 1740015193  |y x  |z 08-01-18